000 00338nam a22001217a 4500
999 _c3159
_d3159
005 20201117132017.0
008 201117b ||||| |||| 00| 0 eng d
020 _a13004
040 _cCML
245 _aThe World of Washington Irving.
_cFrancis J.
260 _aNew york
_bDell Publishing Co.,inc
_c1965
942 _2ddc
_cBK
_e1st Edition
_kF
_mIRV